000
00284nam a22001337a 4500
008
180315b xxu||||| |||| 00| 0 eng d
020
_a
0136070515
041
_a
eng
080
_a
78
100
_a
45
101
_a
MUZ
245
_a
Music improvisation
_c
Bailey,D
942
_2
udc
_c
BK
999
_c
45069
_d
45069